| 000 | 00433nam a2200181Ia 4500 | ||
|---|---|---|---|
| 005 | 20240723020535.0 | ||
| 008 | 240331s9999 xx 000 0 und d | ||
| 020 | _a0521783860 | ||
| 082 |
_a291.2 _bREL |
||
| 245 | 0 | _aReligion and the body | |
| 260 |
_aUK _bCambridge University Press _c1997 |
||
| 300 | _axvii, 312 p ., | ||
| 650 | _aReligion | ||
| 650 | _aSocial | ||
| 650 | _aSociety | ||
| 700 |
_aCoakley,S. _eedt |
||
| 942 | _cL | ||
| 999 |
_c867 _d867 |
||